| 000 | 00688nam a2200217 a 4500 | ||
|---|---|---|---|
| 999 |
_c2529 _d2529 |
||
| 001 | 2529 | ||
| 003 | BD-JhCC | ||
| 005 | 20171106180446.0 | ||
| 008 | 171104s1967 bg |||| |||| 000 0 ben d | ||
| 035 | _a(BD-JhCC)2529 | ||
| 040 |
_aBD-JhCC _dBD-JhCC |
||
| 041 | _aben | ||
| 082 |
_a891.4409 _bSIR 1967 |
||
| 245 |
_aস্যার সৈয়দ আহমদের পত্রাবলী / _cমুজীবুর রহমান [অনু.] |
||
| 260 |
_aঢাকা : _bবাংলা একাডেমী, _c1967. |
||
| 300 |
_a312 p. : _c21 cm. |
||
| 650 | _aLetters of Sayed Ahmed | ||
| 700 | _aরহমান, মুজীবুর | ||
| 942 |
_2ddc _cBK |
||